Доклады, законопроекты и переписка о государственном промысловом налоге

Доступно только в Электронных читальных залах Найти на картеНа карте
RUSMARC
00003653nmc2a22002413x 450
001d771b1d0-34d7-4e2e-8918-5792e6e58aae
00520210330184452.0
100##$a20201001l19071917k l0rusy0189 ca
1010#$arus
102##$aRU
105##$aa###
1222#$ad
2001#$aДоклады, законопроекты и переписка о государственном промысловом налоге
$j10 декабря 1907 г. - 1917 г.
215##$a148 л.
$d36,5х26 см
$cсхем.
251##$cДело
300##$aОтдел юридический, подотдел налоговый
371##$aДокумент не является опубликованным и широко распространяемым
461#0$1001462bc950-73da-43c4-909a-7b2c52d22778
$12001
$aСовет съездов представителей промышленности и торговли
$1251
$cФонд
$1852
$j32
462#0$10016d63d908-4edb-4782-94eb-bfaf477d4f70
$12001
$aОпись № 1
$1251
$cОпись
$1852
$j1
801#0$aRU
$bРГИА
$c20201001
$gRCR
801#1$aRU
$bГлавНИВЦ
$c20201001
$2rusmarc
801#2$aRU
$bПБ им. Б.Н. Ельцина
$c20210330
$gRCR
$2rusmarc
850##$aРГИА
852##$aРГИА
$eФедеральное казенное учреждение "Российский государственный исторический архив" (РГИА)
$j1784
937##$hРГИА
$d12352876
$aASBIBLIO_SCAN
035##$aRusGRCC00013151
856##$uhttp://readingroom.main.prlib.ru/item.aspx?id_node=n160585034&mode=full
Формат отображения